000 00758nam a2200229Ia 4500
001 8761
003 GE_BSU
008 181216s||||||||xx |||||||||||||| ||und||
040 _cGE_BSU
080 _a821.353.1–32
100 _aინანიშვილი, რევაზ
245 _aპირველი მოთხრობები
245 _bმოთხრობები
245 _cრედ: მ.ბაკურიძე; მხატ:ირ.ჯანაშვილი
260 _aთბილისი
260 _bსახელგამი
260 _c1953
300 _a79გვ; 20სმ
653 _aმოთხრობები
653 _aპირველი მოთხრობები
942 _cBK
999 _c42071
_d42071